| 000 | 00517nam a22001937a 4500 | ||
|---|---|---|---|
| 003 | OSt | ||
| 005 | 20140310183009.0 | ||
| 008 | 130211t xxu||||| |||| 00| 0 eng d | ||
| 020 | _a9789715770019 | ||
| 050 |
_aPN1995.5 _b.M297 2008 |
||
| 082 |
_aPN1995.5 _b.M297 2008 |
||
| 100 | _aMalone, Peter | ||
| 245 |
_aFilm & faith / _cPeter Malone. |
||
| 260 |
_aManila : _bCommunications Foundations for Asia, _c2008. |
||
| 300 |
_a169 p. : _c21 cm. _bill. ; |
||
| 521 | _aMC | ||
| 942 |
_2lcc _cBK _kLOC |
||
| 999 |
_c18206 _d18206 |
||